We have never been modern

Αποθηκεύτηκε σε:
Λεπτομέρειες βιβλιογραφικής εγγραφής
Κύριος συγγραφέας: Latour, Bruno
Άλλοι συγγραφείς: Porter, Catherine, 1941- (trlf)
Μορφή: Βιβλίο
Γλώσσα:English
French
Δημοσίευση: New York : Harvester Wheatsheaf, 1993.
Θέματα:
Ετικέτες: Προσθήκη ετικέτας
Δεν υπάρχουν, Καταχωρήστε ετικέτα πρώτοι!

MARC

LEADER 00000cam a2200000 i 4500
001 1/12296
008 980428s1993 nyu| ||| |||| ||eng||
020 |a 074501321X 
035 |l 10018573 
040 |a GR-MyUA  |b gre  |e AACR2 
041 1 |a eng  |h fre 
082 0 |a 303.483 
100 1 |a Latour, Bruno. 
245 1 0 |a We have never been modern /   |c Bruno Latour ; translated by Catherine Porter.  
260 |a New York :   |b Harvester Wheatsheaf,   |c 1993.  
300 |a 157 σ. :   |b σχέδια ;  
500 |a Τίτλος πρωτοτύπου: Nous n'avons jamais ete modernes.  
504 |a Περιέχει βιβλιογραφικές αναφορές και ευρετήριο.  
650 0 0 |a Science  |x Social aspects. 
650 0 0 |a Technology  |x Social aspects. 
650 0 0 |a Science  |x Philosophy. 
650 0 0 |a Science  |x History. 
700 1 |a Porter, Catherine,   |d 1941-  |e trlf 
852 |a INST  |b LESVOS  |e 19980428  |h 303.485 LAT  |p 005100014862  |q 005100014862  |t BK  |y 0 
901 |a BIBL-1998-2 
909 |a Λ  |b 055108 
922 |a 1ΕΛΗ  |b 199803  |c ΚΠΣ/ΜΠΑΚΑΛΑΚΗ  |d ΠΑΠΑΣΩΤΗΡΙΟΥ 
950 |a 045-1996-07-16